Tribhuvan University Central Library
Normal view MARC view
  • volunteer workers in social services

Entry Topical Term

Number of records used in: 1

001 - CONTROL NUMBER

  • control field: 9859

003 - CONTROL NUMBER IDENTIFIER

  • control field: OSt

005 - DATE AND TIME OF LATEST TRANSACTION

  • control field: 20110110152555.0

008 - FIXED-LENGTH DATA ELEMENTS

  • fixed length control field: 110110|||a|||||| | ||| d

040 ## - CATALOGING SOURCE

  • Original cataloging agency: OSt
  • Transcribing agency: OSt

150 ## - HEADING--TOPICAL TERM

  • Topical term or geographic name as entry element: volunteer workers in social services

670 ## - SOURCE DATA FOUND

  • Source citation: Work cat.: (OSt): Froland, Chares 9855, Healping networks and human services, [c1981]

670 ## - SOURCE DATA FOUND

  • Source citation: Work cat.: (OSt): Froland, Chares 9855, Healping networks and human services, [c1981]